Sports Quiz

Random Sports or Football Quiz

2017 NFL Opening Day Quarterbacks Quiz Stats

 Plays Quiz Updated Dec 20, 2018

Support Sporcle.
Go Orange.
Score 0/90 Timer 12:00
6 Plays Today
Hint Answer % Correct
New England PatriotsTom Brady
95.3%
Kansas City ChiefsAlex Smith
88.1%
Green Bay PackersAaron Rodgers
86.8%
New York GiantsGeno Smith
86.7%
Baltimore RavensJoe Flacco
86.3%
New York GiantsEli Manning
85.8%
New Orleans SaintsDrew Brees
85.7%
Seattle SeahawksRussell Wilson
85.2%
Carolina PanthersCam Newton
84.4%
Philadelphia EaglesCarson Wentz
84.1%
Detroit LionsMatthew Stafford
83.5%
Dallas CowboysDak Prescott
83.1%
Atlanta FalconsMatt Ryan
83%
Cincinnati BengalsAndy Dalton
82.8%
Los Angeles ChargersPhilip Rivers
82.6%
Indianapolis ColtsAndrew Luck
82.4%
Oakland RaidersDerek Carr
81.9%
Houston TexansDeshaun Watson
81.7%
Philadelphia EaglesNick Foles
80.3%
Washington RedskinsKirk Cousins
80%
Los Angeles RamsJared Goff
79.5%
Miami DolphinsRyan Tannehill
78.8%
Tennessee TitansMarcus Mariota
78.7%
Pittsburgh SteelersBen Roethlisberger
78%
Jacksonville JaguarsBlake Bortles
77.8%
Buffalo BillsTyrod Taylor
77.4%
Tampa Bay BuccaneersRyan Fitzpatrick
72.7%
Kansas City ChiefsPatrick Mahomes
71.3%
Tampa Bay BuccaneersJameis Winston
70.4%
Chicago BearsMitch Trubisky
70%
Hint Answer % Correct
Minnesota VikingsCase Keenum
68.6%
Arizona CardinalsCarson Palmer
68.1%
Minnesota VikingsTeddy Bridgewater
67.8%
New England PatriotsJimmy Garoppolo
61.5%
Minnesota VikingsSam Bradford
60.7%
New York JetsJosh McCown
59.2%
Denver BroncosBrock Osweiler
55.5%
Indianapolis ColtsJacoby Brissett
55.3%
Miami DolphinsJay Cutler
54.5%
Cleveland BrownsDeShone Kizer
54.3%
Tampa Bay BuccaneersRyan Griffin
51.7%
Buffalo BillsNathan Peterman
50.4%
Pittsburgh SteelersLandry Jones
49.2%
Los Angeles ChargersCardale Jones
48.9%
Denver BroncosPaxton Lynch
47.1%
San Francisco 49ersBrian Hoyer
46%
Chicago BearsMark Sanchez
45.7%
Miami DolphinsMatt Moore
43.1%
Dallas CowboysKellen Moore
42.5%
Atlanta FalconsMatt Schaub
41.9%
Washington RedskinsColt McCoy
41%
Cincinnati BengalsAJ McCarron
41%
Carolina PanthersDerek Anderson
39.7%
New Orleans SaintsTaysom Hill
39.6%
Denver BroncosTrevor Siemian
38.4%
Arizona CardinalsBlaine Gabbert
38.3%
Los Angeles RamsBrandon Allen
37.7%
Green Bay PackersBrett Hundley
37.1%
Oakland RaidersEJ Manuel
35.9%
Chicago BearsMike Glennon
35.7%
Hint Answer % Correct
Houston TexansTom Savage
34.5%
Jacksonville JaguarsChad Henne
33.6%
Cleveland BrownsCody Kessler
32.6%
New Orleans SaintsChase Daniel
31.7%
San Francisco 49ersC.J. Beathard
31.1%
Tennessee TitansMatt Cassel
27.4%
Pittsburgh SteelersJoshua Dobbs
25.4%
New York GiantsDavis Webb
25.3%
Buffalo BillsJoe Webb
25.2%
Arizona CardinalsDrew Stanton
24.9%
New York JetsBryce Petty
21.9%
New York JetsChristian Hackenberg
20.2%
Baltimore RavensRyan Mallett
18.6%
Cincinnati BengalsJeff Driskel
18%
Seattle SeahawksAustin Davis
17.6%
Indianapolis ColtsScott Tolzien
16.7%
Cleveland BrownsKevin Hogan
16.4%
Oakland RaidersConnor Cook
15.9%
Buffalo BillsT.J. Yates
15.7%
Denver BroncosChad Kelly
14.7%
Los Angeles RamsSean Mannion
13.3%
Dallas CowboysCooper Rush
10.9%
Los Angeles ChargersKellen Clemens
10.8%
Minnesota VikingsTaylor Heinicke
8%
Kansas City ChiefsTyler Bray
7%
Detroit LionsJake Rudock
5.9%
Carolina PanthersBrad Kaaya
5%
Tennessee TitansAlex Tanney
4.8%
Chicago BearsConnor Shaw
3.8%
Dallas CowboysZac Dysert
1.9%

From the Vault

Clickable Historical Groups

by BillyJoelRulez

History 6m
Unlike history, this quiz doesn't repeat itself.
Remove Ads.
Support Sporcle.
Get the best of Sporcle when you Go Orange. This ad-free experience offers more features, more stats, and more fun while also helping to support Sporcle. Thank you for becoming a member.

Show Comments

Extras

Top Quizzes Today


Score Distribution

Your Account Isn't Verified!

In order to create a playlist on Sporcle, you need to verify the email address you used during registration. Go to your Sporcle Settings to finish the process.

Report this User

Report this user for behavior that violates our Community Guidelines.

Details: